|
|
|
|
| LEADER |
01132nam a2200301 a 4500 |
| 001 |
17606 |
| 003 |
BD-DhAAL |
| 005 |
20140506131800.0 |
| 008 |
140505s1994 inu b 001 0 eng d |
| 010 |
|
|
|a 93040428
|
| 020 |
|
|
|a 0253350921 (cloth : alk. paper)
|
| 020 |
|
|
|a 025335093X (pbk. : alk. paper)
|
| 040 |
|
|
|a DLC
|c DLC
|d DLC
|d BD-DhAAL
|
| 050 |
0 |
0 |
|a HQ1190
|b .E87 1994
|
| 082 |
0 |
0 |
|a 305.42/01
|2 20
|
| 245 |
0 |
4 |
|a The Essential difference /
|c edited by Naomi Schor, Elizabeth Weed.
|
| 260 |
|
|
|a Bloomington :
|b Indiana University Press,
|c c1994.
|
| 300 |
|
|
|a xix, 196 p. ;
|c 25 cm.
|
| 440 |
|
0 |
|a Books from Differences
|9 4385
|
| 504 |
|
|
|a Includes bibliographical references and index.
|
| 541 |
|
|
|e 17606
|
| 650 |
|
0 |
|a Feminist theory.
|9 4246
|
| 650 |
|
0 |
|a Sex differences (Psychology)
|9 4386
|
| 700 |
1 |
|
|a Schor, Naomi.
|9 4387
|
| 700 |
1 |
|
|a Weed, Elizabeth,
|d 1940-
|9 4388
|
| 942 |
|
|
|2 ddc
|c BK
|
| 999 |
|
|
|c 14318
|d 14318
|
| 952 |
|
|
|0 0
|1 0
|2 ddc
|4 0
|6 305_420100000000000_ESS
|7 0
|9 24283
|a BRACUL
|b BRACUL
|c GEN
|d 2014-05-06
|l 0
|o 305.4201 ESS
|p 3010017606
|r 2014-05-06
|t 1
|w 2014-05-06
|y BK
|x Transferred from ENH to Ayesha Abed library on 20/12/2023
|